[Event "27th CRO-Cup"]
[Site "Mali Losinj"]
[Date "2018.05.16"]
[Round "1.72"]
[White "Zufic, Miroslav"]
[Black "Rubil, Marko"]
[Result "1-0"]
[WhiteElo "2374"]
[BlackElo "2227"]
[PlyCount "81"]
[EventDate "2018.05.16"]
[WhiteTeam "ŠK Pula, Pula"]
[BlackTeam "ŠK Đuro Đaković. Slavonski Brod"]

1. Nf3 Nf6 2. c4 g6 3. Nc3 Bg7 4. e4 d6 5. d4 O-O 6. Be2 e5 7. d5 a5 8. Bg5 h6
9. Be3 Na6 10. Nd2 Nd7 11. g4 Ndc5 12. Rg1 Bd7 13. Qc2 a4 14. a3 c6 15. O-O-O
Qa5 16. Kb1 Nc7 17. Rg3 Rfc8 18. f4 exf4 19. Bxf4 Ne8 20. h4 Ra6 21. Rc1 Qd8
22. g5 h5 23. Qd1 Rb6 24. Qg1 cxd5 25. cxd5 Nxe4 26. Ndxe4 Bf5 27. Bd3 Rb3 28.
Rc2 Qa5 29. Bd2 Bxe4 30. Bxe4 Rc5 31. Rf3 Nc7 32. Qf1 Nb5 33. Rxf7 Nxa3+ 34.
Kc1 Rxb2 35. Rxg7+ Kxg7 36. Qf6+ Kg8 37. Qxg6+ Kf8 38. Qxd6+ Kg8 39. Qe6+ Kf8
40. Qf6+ Kg8 41. Rxb2 1-0

[Event "27th CRO-Cup"]
[Site "Mali Losinj"]
[Date "2018.05.16"]
[Round "1.73"]
[White "Matanovic, Luka"]
[Black "Krsnik Cohar, Ivan Vihor"]
[Result "1-0"]
[WhiteElo "2189"]
[BlackElo "2321"]
[PlyCount "97"]
[EventDate "2018.05.16"]
[WhiteTeam "ŠK Đuro Đaković. Slavonski Brod"]
[BlackTeam "ŠK Pula, Pula"]

1. e4 c6 2. d4 d5 3. exd5 cxd5 4. c3 Qc7 5. Na3 a6 6. Bd3 Nc6 7. Nc2 Nf6 8. Bg5
e5 9. dxe5 Qxe5+ 10. Qe2 Be6 11. Nf3 Qxe2+ 12. Kxe2 Ne4 13. Be3 Nc5 14. Ncd4
Nxd3 15. Kxd3 Ke7 16. Rhd1 f6 17. Nxc6+ bxc6 18. Bc5+ Kf7 19. Bxf8 Rhxf8 20. b4
a5 21. a3 Ra7 22. Nd4 Rfa8 23. Nb3 axb4 24. axb4 Ra2 25. Rxa2 Bf5+ 26. Ke3 Rxa2
27. Rd2 Ra3 28. Rb2 Bc2 29. Nc5 Bf5 30. Kd4 Ra1 31. Nb3 Rd1+ 32. Rd2 Rh1 33. h3
Rh2 34. f3 Bd7 35. Kc5 Ke7 36. Nd4 Kf7 37. Re2 g5 38. Kd6 Bc8 39. Kxc6 h5 40.
Kc7 Bxh3 41. gxh3 Rxh3 42. b5 g4 43. b6 Rh1 44. b7 Rb1 45. b8=Q Rxb8 46. Kxb8
Kg6 47. fxg4 hxg4 48. Kc7 f5 49. Kd6 1-0

[Event "27th CRO-Cup"]
[Site "Mali Losinj"]
[Date "2018.05.16"]
[Round "1.74"]
[White "Valkovic, Kristian"]
[Black "Matanovic, Pavo"]
[Result "1-0"]
[WhiteElo "2078"]
[BlackElo "1839"]
[PlyCount "67"]
[EventDate "2018.05.16"]
[WhiteTeam "ŠK Pula, Pula"]
[BlackTeam "ŠK Đuro Đaković. Slavonski Brod"]

1. d4 d5 2. Nf3 Nf6 3. Bf4 c5 4. e3 Nc6 5. c3 Qb6 6. Qb3 c4 7. Qxb6 axb6 8. Na3
Bf5 9. Nh4 Rxa3 10. bxa3 Bc2 11. Kd2 Ba4 12. f3 e6 13. g4 Bxa3 14. g5 Nd7 15.
e4 Ne7 16. Be2 b5 17. Rab1 O-O 18. Bd1 Bxd1 19. Rhxd1 b4 20. cxb4 Ng6 21. Ng2
e5 22. Be3 dxe4 23. fxe4 exd4 24. Bxd4 Nde5 25. Bxe5 Nxe5 26. Kc3 f6 27. Rd5
Nf3 28. gxf6 Rxf6 29. Rf5 Rxf5 30. exf5 b5 31. Ne3 Ng5 32. Nc2 Ne4+ 33. Kd4 Nd2
34. Nxa3 1-0

[Event "27th CRO-Cup"]
[Site "Mali Losinj"]
[Date "2018.05.16"]
[Round "1.81"]
[White "Livaic, Leon"]
[Black "Grgurevic, Boris"]
[Result "1-0"]
[WhiteElo "2497"]
[BlackElo "2159"]
[PlyCount "81"]
[EventDate "2018.05.16"]
[WhiteTeam "HAŠK Mladost, Zagreb"]
[BlackTeam "ŠK Šibenik, Šibenik"]

1. d4 g6 2. c4 Bg7 3. Nc3 d6 4. e4 Nc6 5. Nge2 e5 6. d5 Nce7 7. Ng3 f5 8. exf5
Nxf5 9. Nxf5 Bxf5 10. Bd3 Qd7 11. O-O Nf6 12. Bxf5 Qxf5 13. Qb3 b6 14. Qb5+ Qd7
15. Bg5 a6 16. Qc6 O-O 17. Bxf6 Qxc6 18. dxc6 Bxf6 19. Nd5 e4 20. Rae1 Bxb2 21.
Rxe4 Rf7 22. Rfe1 Raf8 23. f4 Bf6 24. g3 Kg7 25. Kg2 Bd8 26. Re8 h6 27. Rxf8
Rxf8 28. g4 Kf7 29. Kf3 h5 30. gxh5 gxh5 31. f5 Rg8 32. Re6 Rg5 33. Ke4 Rg4+
34. Kd3 Rg5 35. Rh6 Rxf5 36. Rh8 Bf6 37. Rh7+ Bg7 38. Nxc7 Re5 39. Nd5 Kg6 40.
Rxg7+ Kxg7 41. c7 1-0

[Event "27th CRO-Cup"]
[Site "Mali Losinj"]
[Date "2018.05.16"]
[Round "1.82"]
[White "Tesla, Miro"]
[Black "Vujakovic, Branko"]
[Result "0-1"]
[WhiteElo "2137"]
[BlackElo "2335"]
[PlyCount "104"]
[EventDate "2018.05.16"]
[WhiteTeam "ŠK Šibenik, Šibenik"]
[BlackTeam "HAŠK Mladost, Zagreb"]

1. d4 Nf6 2. c4 g6 3. Nc3 d5 4. cxd5 Nxd5 5. g3 Bg7 6. Bg2 Nb6 7. Nf3 Nc6 8. e3
O-O 9. O-O Re8 10. b3 e5 11. Nxe5 Nxe5 12. dxe5 Bxe5 13. Bb2 c6 14. Qe2 Qe7 15.
Rac1 a5 16. f4 Bg7 17. e4 a4 18. Nxa4 Bxb2 19. Qxb2 Nxa4 20. bxa4 Rxa4 21. f5
Ra5 22. g4 Qe5 23. Qd2 gxf5 24. gxf5 Kh8 25. Kh1 Rg8 26. Rg1 Ra3 27. Rce1 c5
28. Bf3 Re8 29. Qg2 Bd7 30. Qh3 Bc6 31. Rg4 Qc3 32. Rf1 Rxe4 33. Rg8+ Kxg8 34.
Qg2+ Qg7 35. Bxe4 Qxg2+ 36. Bxg2 Bxg2+ 37. Kxg2 Rxa2+ 38. Kg3 b5 39. f6 Rc2 40.
Rf5 Rc4 41. Rg5+ Kf8 42. Rh5 b4 43. Rxh7 Ke8 44. Rh8+ Kd7 45. Rb8 Ke6 46. Rb6+
Kf5 47. h4 Rc3+ 48. Kf2 b3 49. Ke2 c4 50. h5 Rh3 51. Rb4 b2 52. Kd2 Rb3 0-1

[Event "27th CRO-Cup"]
[Site "Mali Losinj"]
[Date "2018.05.16"]
[Round "1.83"]
[White "Blazeka, Matej"]
[Black "Dobrovic, Ante"]
[Result "1-0"]
[WhiteElo "2312"]
[BlackElo "2087"]
[PlyCount "91"]
[EventDate "2018.05.16"]
[WhiteTeam "HAŠK Mladost, Zagreb"]
[BlackTeam "ŠK Šibenik, Šibenik"]

1. d4 Nf6 2. c4 g6 3. Nc3 d5 4. Qb3 c6 5. cxd5 cxd5 6. Bf4 a6 7. e3 Bg7 8. Bxb8
Rxb8 9. Bxa6 O-O 10. Bd3 Bf5 11. Bxf5 gxf5 12. Nge2 e6 13. O-O Kh8 14. Nf4 Rg8
15. Rac1 Bh6 16. Rc2 Ne4 17. Nce2 Qh4 18. f3 Nf6 19. Rc7 Nh5 20. Nxh5 Qxh5 21.
Ng3 Qg6 22. f4 b5 23. a3 Bf8 24. Rfc1 h5 25. Qd1 h4 26. Qh5+ Kg7 27. Qxg6+ Kxg6
28. Nh1 Bd6 29. R7c6 Rgd8 30. Nf2 b4 31. a4 b3 32. Nd3 Ra8 33. Ra1 Rac8 34.
Rxc8 Rxc8 35. a5 Bb8 36. a6 Ba7 37. Rc1 Rc2 38. Rxc2 bxc2 39. Kf1 Kf6 40. Ke2
Ke7 41. Kd2 Kd6 42. Kxc2 Kc6 43. Ne5+ Kb5 44. Nxf7 Kxa6 45. Ng5 e5 46. fxe5 1-0

[Event "27th CRO-Cup"]
[Site "Mali Losinj"]
[Date "2018.05.16"]
[Round "1.84"]
[White "Klisanin, Dragan-Mirko"]
[Black "Tomic, Stjepan"]
[Result "0-1"]
[WhiteElo "1922"]
[BlackElo "1790"]
[PlyCount "110"]
[EventDate "2018.05.16"]
[WhiteTeam "ŠK Šibenik, Šibenik"]
[BlackTeam "HAŠK Mladost, Zagreb"]

1. c4 c6 2. d4 d5 3. e3 Nf6 4. Nf3 e6 5. a3 Nbd7 6. Nc3 Bd6 7. Be2 a6 8. O-O
dxc4 9. Bxc4 b5 10. Ba2 c5 11. dxc5 Bxc5 12. b4 Be7 13. Bb2 Bb7 14. Qe2 O-O 15.
Rfd1 Qb6 16. e4 Rfd8 17. h3 Rac8 18. Ne1 Ne5 19. Nxb5 Qxb5 20. Qxb5 axb5 21.
Bxe5 Bxe4 22. f3 Bd5 23. Bxd5 Nxd5 24. Rac1 Bg5 25. Rxc8 Rxc8 26. Nd3 Be3+ 27.
Kh2 f6 28. Bd6 Rc3 29. Bc5 Rxa3 30. Ne1 Bxc5 31. bxc5 Rc3 32. Nd3 Kf7 33. Nf2
Rxc5 34. Ne4 Rc6 35. Ra1 Kg6 36. Ra7 f5 37. Nd2 Rc2 38. Nb3 Nf4 39. Nd4 Rxg2+
40. Kh1 Rg3 41. h4 Kf6 42. Ra6 Rh3+ 43. Kg1 Rxh4 44. Nxb5 Rh6 45. Nc7 Rg6+ 46.
Kf1 h5 47. Ra8 h4 48. Ne8+ Kg5 49. Nd6 h3 50. Rh8 Kf6 51. Rh4 e5 52. Nb5 Rg3
53. Nd4 exd4 54. Rxf4 Ke5 55. Rh4 g5 0-1

[Event "27th CRO-Cup"]
[Site "Mali Losinj"]
[Date "2018.05.16"]
[Round "1.91"]
[White "Muskardin, Mario"]
[Black "Biti, Ozren"]
[Result "1-0"]
[WhiteElo "2266"]
[BlackElo "2362"]
[PlyCount "89"]
[EventDate "2018.05.16"]
[WhiteTeam "ŠK Lošinj, Mali Lošinj"]
[BlackTeam "ŠK Đakovo, Đakovo"]

1. Nf3 d6 2. c4 e5 3. Nc3 f5 4. g3 Nf6 5. Bg2 Be7 6. O-O O-O 7. d4 e4 8. Ne1 c6
9. b4 Na6 10. Nc2 Nc7 11. a4 Be6 12. Na3 d5 13. c5 Nh5 14. e3 Qe8 15. f4 exf3
16. Bxf3 Nf6 17. Rb1 Qd7 18. b5 Ne4 19. Qd3 Ne8 20. Ne2 g5 21. Nc2 N8f6 22. Ba3
Bd8 23. Rb2 Bc7 24. Rfb1 f4 25. bxc6 bxc6 26. exf4 gxf4 27. Rb7 fxg3 28. hxg3
Qg7 29. Bg2 Rf7 30. Nf4 Bc8 31. R7b3 Kh8 32. Rf1 a5 33. Rf3 Ba6 34. Qd1 Re8 35.
Bc1 Bc8 36. Ne3 Rg8 37. Qe1 Nxg3 38. Nexd5 Nxd5 39. Rxg3 Qxd4+ 40. Kh1 Nxf4 41.
Bb2 Qxb2 42. Rxg8+ Kxg8 43. Rxb2 Bd7 44. Rb7 Nd3 45. Qh4 1-0

[Event "27th CRO-Cup"]
[Site "Mali Losinj"]
[Date "2018.05.16"]
[Round "1.92"]
[White "Medak, Bojan"]
[Black "Tirkajla, Boris"]
[Result "1-0"]
[WhiteElo "2380"]
[BlackElo "2078"]
[PlyCount "97"]
[EventDate "2018.05.16"]
[WhiteTeam "ŠK Đakovo, Đakovo"]
[BlackTeam "ŠK Lošinj, Mali Lošinj"]

1. c4 f5 2. Nf3 Nf6 3. g3 g6 4. Bg2 Bg7 5. d4 O-O 6. b3 Ne4 7. Bb2 c5 8. O-O
Nc6 9. e3 d6 10. Nbd2 e6 11. Qc2 Nb4 12. Qb1 Nxd2 13. Nxd2 cxd4 14. Bxd4 Bxd4
15. exd4 Qf6 16. a3 Na6 17. Qd3 Rb8 18. b4 b6 19. f4 Nc7 20. Rfe1 Rd8 21. Nb3
d5 22. c5 Ba6 23. Qe3 Bc4 24. Nd2 b5 25. Nf3 Qf8 26. Ne5 Qe8 27. g4 Ra8 28. Qg3
Qf8 29. g5 a5 30. Nc6 a4 31. Nxd8 Rxd8 32. Qe3 Re8 33. Qe5 Qg7 34. Rad1 Qxe5
35. dxe5 Re7 36. Kf2 Ne8 37. Bf1 Bxf1 38. Rxf1 Rc7 39. c6 Rxc6 40. Rc1 Rc4 41.
Rxc4 dxc4 42. Rd1 c3 43. Rc1 Nc7 44. Rxc3 Nd5 45. Rc8+ Kf7 46. Kf3 Nb6 47. Rc5
Nc4 48. Rxc4 bxc4 49. Ke3 1-0

[Event "27th CRO-Cup"]
[Site "Mali Losinj"]
[Date "2018.05.16"]
[Round "1.93"]
[White "Okrugic, Tomislav"]
[Black "Filipovic, Marko"]
[Result "0-1"]
[WhiteElo "1923"]
[BlackElo "2327"]
[PlyCount "64"]
[EventDate "2018.05.16"]
[WhiteTeam "ŠK Lošinj, Mali Lošinj"]
[BlackTeam "ŠK Đakovo, Đakovo"]

1. e4 c5 2. Nc3 Nc6 3. g3 g6 4. Bg2 Bg7 5. d3 e6 6. Be3 Nd4 7. Qd2 Ne7 8. Nd1
b6 9. c3 Ndc6 10. Bh6 Bxh6 11. Qxh6 Ne5 12. Qd2 Ba6 13. Bf1 d5 14. f4 N5c6 15.
Nf2 Qc7 16. Nf3 dxe4 17. dxe4 Bxf1 18. Kxf1 Rd8 19. Qe2 e5 20. fxe5 Nxe5 21.
Nxe5 Qxe5 22. Ng4 Qe6 23. Kg2 f5 24. Nf2 O-O 25. Rad1 Qxa2 26. c4 Qa4 27. exf5
Qc6+ 28. Kh3 Nxf5 29. Ng4 Rde8 30. Qd2 h5 31. Nh6+ Nxh6 32. Qxh6 Qe6+ 0-1

[Event "27th CRO-Cup"]
[Site "Mali Losinj"]
[Date "2018.05.16"]
[Round "1.94"]
[White "Vargic, Drago"]
[Black "Petrovic, Neven"]
[Result "1-0"]
[WhiteElo "2283"]
[BlackElo "1888"]
[PlyCount "43"]
[EventDate "2018.05.16"]
[WhiteTeam "ŠK Đakovo, Đakovo"]
[BlackTeam "ŠK Lošinj, Mali Lošinj"]

1. e4 d6 2. d4 Nf6 3. Nc3 g6 4. f4 Bg7 5. Nf3 O-O 6. e5 dxe5 7. fxe5 Nfd7 8.
Bf4 e6 9. Qd2 c5 10. O-O-O Qa5 11. Bb5 a6 12. Bxd7 Nxd7 13. Bh6 cxd4 14. Bxg7
Kxg7 15. Qxd4 b5 16. h4 b4 17. Ne4 Bb7 18. h5 Qd5 19. hxg6 Qxd4 20. Rxd4 Kxg6
21. Ned2 f5 22. Rxd7 1-0

[Event "27th CRO-Cup"]
[Site "Mali Losinj"]
[Date "2018.05.16"]
[Round "1.101"]
[White "Nemeth, Miklos"]
[Black "Popovic, Ivo"]
[Result "1-0"]
[WhiteElo "2491"]
[BlackElo "2142"]
[PlyCount "74"]
[EventDate "2018.05.16"]
[WhiteTeam "ŠK Stridon, Štrigova"]
[BlackTeam "ŠK Omiš, Omiš"]

1. e4 c5 2. Nf3 Nc6 3. d4 cxd4 4. Nxd4 Qb6 5. Nb3 Nf6 6. Nc3 e6 7. Bd3 a6 8.
Be3 Qc7 9. f4 d6 10. Qf3 Be7 11. O-O-O Rb8 12. g4 b5 13. g5 Nd7 14. h4 Nb4 15.
Kb1 Nxd3 16. cxd3 Nc5 17. Nxc5 dxc5 18. Rc1 O-O 19. Rhd1 Bb7 20. Qg4 c4 21. g6
hxg6 22. h5 b4 23. Ne2 c3 24. hxg6 Rbc8 25. Rh1 fxg6 26. Qxe6+ Rf7 27. Rh8+
Kxh8 28. Qxf7 c2+ 29. Ka1 Bh4 30. Qxc7 Rxc7 31. Rh1 Rd7 32. Nc1 g5 33. fxg5 a5
34. b3 Ba6 35. d4 Bb7 36. Rxh4+ Kg8 37. Kb2 Re7 1-0

[Event "27th CRO-Cup"]
[Site "Mali Losinj"]
[Date "2018.05.16"]
[Round "1.102"]
[White "Miskovic, Bozo"]
[Black "Krstic, Uros"]
[Result "0-1"]
[WhiteElo "2027"]
[BlackElo "2377"]
[PlyCount "80"]
[EventDate "2018.05.16"]
[WhiteTeam "ŠK Omiš, Omiš"]
[BlackTeam "ŠK Stridon, Štrigova"]

1. e4 c6 2. d4 d5 3. e5 c5 4. Bb5+ Bd7 5. Bxd7+ Nxd7 6. c3 e6 7. Nf3 Ne7 8. O-O
Nc6 9. a3 Be7 10. Re1 Qb6 11. Qd3 a5 12. Re2 a4 13. Nbd2 cxd4 14. cxd4 Na5 15.
Rb1 Rc8 16. Re1 Qa6 17. Qxa6 bxa6 18. b4 Nc6 19. Bb2 Nb6 20. Rec1 Kd7 21. Ne1
Bg5 22. Nef3 Be7 23. Ne1 a5 24. bxa5 Nxa5 25. Nd3 Nbc4 26. Nxc4 Nxc4 27. Rc2
Rb8 28. Rd1 Rb3 29. Bc1 Rhb8 30. Kf1 Rb1 31. Ke2 R8b3 32. g3 Kc6 33. Nb2 R1xb2
34. Bxb2 Rxb2 35. Rxb2 Nxb2 36. Ra1 Nc4 37. Kd3 Bxa3 38. f4 Kb5 39. g4 Bb2 40.
Ra2 Kb4 0-1

[Event "27th CRO-Cup"]
[Site "Mali Losinj"]
[Date "2018.05.16"]
[Round "1.103"]
[White "Trbojevic, Mladen"]
[Black "Cecuk, Marijo"]
[Result "1-0"]
[WhiteElo "2343"]
[BlackElo "2037"]
[PlyCount "39"]
[EventDate "2018.05.16"]
[WhiteTeam "ŠK Stridon, Štrigova"]
[BlackTeam "ŠK Omiš, Omiš"]

1. e4 d5 2. exd5 Nf6 3. d4 Nxd5 4. c4 Nf6 5. Nc3 Bf5 6. Nf3 e6 7. Be2 h6 8. Qb3
Qc8 9. Bf4 Bd6 10. Bxd6 cxd6 11. Nb5 Ke7 12. O-O Qd7 13. c5 dxc5 14. Ne5 Qc8
15. Nxf7 Nc6 16. dxc5 Qd7 17. Nxh8 Qd5 18. Qg3 g5 19. Nc7 Ne4 20. Nxd5+ 1-0

[Event "27th CRO-Cup"]
[Site "Mali Losinj"]
[Date "2018.05.16"]
[Round "1.104"]
[White "Saric, Branko"]
[Black "Horvat, David"]
[Result "0-1"]
[WhiteElo "1865"]
[BlackElo "2191"]
[PlyCount "68"]
[EventDate "2018.05.16"]
[WhiteTeam "ŠK Omiš, Omiš"]
[BlackTeam "ŠK Stridon, Štrigova"]

1. d4 Nf6 2. c4 g6 3. Nc3 Bg7 4. e4 d6 5. Nf3 O-O 6. Be2 Nbd7 7. O-O e5 8. d5
Nc5 9. Qc2 a5 10. Be3 Nh5 11. Nd2 Nf4 12. Nb3 b6 13. Nxc5 bxc5 14. Bf3 g5 15.
g3 g4 16. Bd1 Nh3+ 17. Kh1 f5 18. exf5 Bxf5 19. Qd2 Rb8 20. f3 Qf6 21. Be2 Qg6
22. Nb5 Be4 23. Kg2 h5 24. Nc3 Bf5 25. Rad1 Rf7 26. fxg4 hxg4 27. Rxf5 Rxf5 28.
Bd3 e4 29. Bxe4 Bxc3 30. Qxc3 Rf2+ 31. Bxf2 Qxe4+ 32. Kf1 Rf8 33. Rd2 Qb1+ 34.
Kg2 Rxf2+ 0-1

[Event "27th CRO-Cup"]
[Site "Mali Losinj"]
[Date "2018.05.16"]
[Round "1.111"]
[White "Novak, Ratko"]
[Black "Mufic, Goran"]
[Result "0-1"]
[WhiteElo "2158"]
[BlackElo "2288"]
[PlyCount "76"]
[EventDate "2018.05.16"]
[WhiteTeam "ŠD Vara\[#\]din, Vara\[#\]din"]
[BlackTeam "AŠK Junior, Rijeka"]

1. Nf3 d5 2. d4 Nf6 3. c4 e6 4. e3 Be7 5. Bd3 O-O 6. Nc3 b6 7. O-O Bb7 8. cxd5
exd5 9. b3 Nbd7 10. Bb2 a6 11. Rc1 Bd6 12. Nd2 Re8 13. Qf3 Qe7 14. Bb1 Ne4 15.
Ndxe4 dxe4 16. Qf5 g6 17. Qh3 Nf6 18. Qh4 Rad8 19. Rce1 Nd7 20. Qh6 f5 21. f3
Nf6 22. Qg5 Bxh2+ 23. Kh1 Bd6 24. f4 Qg7 25. Qh4 Be7 26. Qh3 h5 27. Bc2 Ng4 28.
Bd1 Bf6 29. g3 c5 30. Na4 cxd4 31. Bxg4 hxg4 32. Qh2 Kf7 33. Kg1 Rh8 34. Qg2
dxe3 35. Rc1 Ke8 36. Bxf6 Qxf6 37. Qe2 Rd2 38. Qxe3 Rh1+ 0-1

[Event "27th CRO-Cup"]
[Site "Mali Losinj"]
[Date "2018.05.16"]
[Round "1.112"]
[White "Safar, Sandro"]
[Black "Spiranec, Noemi"]
[Result "1-0"]
[WhiteElo "2235"]
[BlackElo "1946"]
[PlyCount "81"]
[EventDate "2018.05.16"]
[WhiteTeam "AŠK Junior, Rijeka"]
[BlackTeam "ŠD Vara\[#\]din, Vara\[#\]din"]

1. d4 Nf6 2. Bf4 d5 3. e3 c5 4. c3 Nc6 5. Bd3 e6 6. Nf3 Bd6 7. Bg3 O-O 8. Nbd2
b6 9. e4 Be7 10. e5 Nd7 11. h4 cxd4 12. Bxh7+ Kh8 13. Bc2 Kg8 14. cxd4 Nb4 15.
Bb1 Ba6 16. Nf1 f5 17. Bf4 Re8 18. a3 Nc6 19. Ne3 Nf8 20. Ng5 Rc8 21. Bd3 Bxd3
22. Qxd3 Na5 23. O-O Qd7 24. Rac1 Ng6 25. g3 b5 26. Qe2 Bxg5 27. Bxg5 Nb3 28.
Rxc8 Rxc8 29. Qd3 Nc1 30. Qd1 Qc6 31. h5 Nf8 32. Ng2 Na2 33. Qb3 Nh7 34. Be3
Qc4 35. Qxc4 dxc4 36. Ra1 c3 37. Rxa2 c2 38. Bc1 Rc4 39. b3 Rc3 40. b4 Kf7 41.
Ne1 1-0

[Event "27th CRO-Cup"]
[Site "Mali Losinj"]
[Date "2018.05.16"]
[Round "1.113"]
[White "Kelemen, Miljenko"]
[Black "Tomulic, Teo"]
[Result "0-1"]
[WhiteElo "1961"]
[BlackElo "2273"]
[PlyCount "92"]
[EventDate "2018.05.16"]
[WhiteTeam "ŠD Vara\[#\]din, Vara\[#\]din"]
[BlackTeam "AŠK Junior, Rijeka"]

1. d4 Nf6 2. Bf4 d5 3. e3 c5 4. c3 Nc6 5. Bd3 g6 6. Nd2 Bg7 7. h3 O-O 8. Ngf3
b6 9. Ne5 Bb7 10. Nxc6 Bxc6 11. Be5 Nd7 12. Bxg7 Kxg7 13. f4 e5 14. dxe5 Qh4+
15. Kf1 Rae8 16. Nf3 Qe7 17. Qd2 f6 18. exf6+ Nxf6 19. Kf2 Ne4+ 20. Bxe4 dxe4
21. Nh2 Rxf4+ 22. Kg1 Rd8 23. Qe1 Rf6 24. Ng4 Rf5 25. c4 h5 26. Qc3+ Kh7 27.
Rf1 Rxf1+ 28. Kxf1 Rd1+ 29. Ke2 Rxh1 30. Nf6+ Kh8 31. Nxh5+ Kg8 32. Nf6+ Kf7
33. Ng4 Qd6 34. Ne5+ Ke6 35. Nxc6 Qxc6 36. Qg7 Qd6 37. Qxg6+ Kd7 38. Qxe4 Qd1+
39. Kf2 Rf1+ 40. Kg3 Qd6+ 41. Kh4 Qe7+ 42. Qxe7+ Kxe7 43. g4 Re1 44. Kg5 Rxe3
45. h4 Kf7 46. h5 Re2 0-1

[Event "27th CRO-Cup"]
[Site "Mali Losinj"]
[Date "2018.05.16"]
[Round "1.114"]
[White "Zekic, Patrik"]
[Black "Hanjs, Vladimir"]
[Result "1/2-1/2"]
[WhiteElo "1525"]
[BlackElo "1796"]
[PlyCount "75"]
[EventDate "2018.05.16"]
[WhiteTeam "AŠK Junior, Rijeka"]
[BlackTeam "ŠD Vara\[#\]din, Vara\[#\]din"]

1. d4 d5 2. Nf3 Nf6 3. c4 e6 4. Bg5 Be7 5. e3 Nbd7 6. Bd3 O-O 7. O-O h6 8. Bh4
b6 9. Nc3 Bb7 10. Rc1 c5 11. cxd5 Nxd5 12. Bg3 Nxc3 13. bxc3 Nf6 14. Qe2 Ne4
15. Rfd1 Nxg3 16. hxg3 Qc7 17. Ne5 Bd6 18. Nc4 Be7 19. Ne5 Bd6 20. Nc4 Rfd8 21.
Nxd6 Rxd6 22. Ba6 Rc8 23. Bxb7 Qxb7 24. Qb5 a6 25. Qb2 Qc6 26. Qa3 b5 27. dxc5
Qxc5 28. Qxc5 Rxd1+ 29. Rxd1 Rxc5 30. Rd8+ Kh7 31. Ra8 Rxc3 32. Rxa6 Rc1+ 33.
Kh2 Ra1 34. g4 b4 35. Ra4 Rb1 36. Kg3 Kg6 37. a3 bxa3 38. Rxa3 1/2-1/2

[Event "27th CRO-Cup"]
[Site "Mali Losinj"]
[Date "2018.05.16"]
[Round "1.121"]
[White "Skuhala, Jernej"]
[Black "Matko, Ognjen"]
[Result "1/2-1/2"]
[WhiteElo "2302"]
[BlackElo "2305"]
[PlyCount "50"]
[EventDate "2018.05.16"]
[WhiteTeam "ŠK Sloboda, Mihovljan-Čakovec"]
[BlackTeam "ŠK Garešnica-Mount trade, Garešnica"]

1. e4 c5 2. Nf3 Nc6 3. Nc3 d6 4. d4 cxd4 5. Nxd4 Nf6 6. f3 e6 7. Be3 Be7 8. Qd2
a6 9. O-O-O O-O 10. g4 Qc7 11. g5 Nd7 12. h4 Nxd4 13. Bxd4 b5 14. h5 b4 15. Nb1
Bb7 16. g6 Rac8 17. c3 e5 18. Be3 Nf6 19. Bh3 d5 20. gxf7+ Kxf7 21. Bxc8 Rxc8
22. exd5 Bxd5 23. Qe2 Qb7 24. Rxd5 Qxd5 25. Bd2 Qxa2 1/2-1/2

[Event "27th CRO-Cup"]
[Site "Mali Losinj"]
[Date "2018.05.16"]
[Round "1.122"]
[White "Muzina, Marin"]
[Black "Novak, Ivan"]
[Result "1-0"]
[WhiteElo "1944"]
[BlackElo "2202"]
[PlyCount "79"]
[EventDate "2018.05.16"]
[WhiteTeam "ŠK Garešnica-Mount trade, Garešnica"]
[BlackTeam "ŠK Sloboda, Mihovljan-Čakovec"]

1. d4 Nf6 2. Nf3 d5 3. Bf4 c5 4. e3 Nc6 5. c3 a6 6. Bd3 Nh5 7. Bg3 Nxg3 8. hxg3
Bg4 9. Nbd2 h6 10. Qc2 Qd7 11. dxc5 e5 12. e4 d4 13. cxd4 exd4 14. a3 Be7 15.
b4 O-O 16. O-O Rac8 17. Qb3 Bf6 18. Rfe1 Rfe8 19. Rac1 Rc7 20. a4 Ne5 21. Nxe5
Rxe5 22. f4 Rh5 23. Kf2 Be7 24. Bc4 Bf8 25. e5 a5 26. Ne4 axb4 27. Nd6 Be6 28.
Bxe6 fxe6 29. Qxb4 g5 30. Qxd4 gxf4 31. gxf4 Qd8 32. Rh1 Rxh1 33. Rxh1 b6 34.
cxb6 Rc6 35. a5 Bxd6 36. exd6 Rxd6 37. Qe4 Qf6 38. b7 Rd2+ 39. Kg3 Rb2 40. Rb1
1-0

[Event "27th CRO-Cup"]
[Site "Mali Losinj"]
[Date "2018.05.16"]
[Round "1.123"]
[White "Havas, Janko"]
[Black "Horina, Miroslav"]
[Result "1-0"]
[WhiteElo "2224"]
[BlackElo "1851"]
[PlyCount "115"]
[EventDate "2018.05.16"]
[WhiteTeam "ŠK Sloboda, Mihovljan-Čakovec"]
[BlackTeam "ŠK Garešnica-Mount trade, Garešnica"]

1. d4 Nf6 2. Bg5 d5 3. Nd2 c6 4. e3 Bf5 5. Ngf3 Nbd7 6. Be2 e6 7. O-O Be7 8. c4
O-O 9. h3 Ne4 10. Bf4 h6 11. Ne1 Ndf6 12. c5 Nxd2 13. Qxd2 Ne4 14. Qc1 Qd7 15.
Nd3 f6 16. f3 Ng5 17. Qc3 Rae8 18. b4 a6 19. a4 Bd8 20. Bd6 Be7 21. Bg3 Bd8 22.
Bd6 Be7 23. Bxe7 Rxe7 24. Nf2 Qc7 25. h4 Nf7 26. b5 axb5 27. axb5 e5 28. e4
exd4 29. Qxd4 dxe4 30. fxe4 Rd8 31. b6 Qb8 32. Qc4 Be6 33. Qc3 Qe5 34. Qxe5
Nxe5 35. Rfd1 Red7 36. Rxd7 Nxd7 37. Ra5 Kf7 38. Ng4 Ke7 39. Ne3 Ne5 40. Ra7
Rd7 41. Ba6 bxa6 42. b7 Rxb7 43. Rxb7+ Nd7 44. Rc7 a5 45. Rxc6 a4 46. Nd5+ Bxd5
47. exd5 a3 48. Re6+ Kd8 49. Ra6 Nxc5 50. Rxa3 Ke7 51. h5 Nd7 52. Kf2 f5 53.
Rf3 Nf6 54. Rxf5 Kd6 55. Kf3 Nxd5 56. Rf7 Nf6 57. Rxg7 Nxh5 58. Rg6+ 1-0

[Event "27th CRO-Cup"]
[Site "Mali Losinj"]
[Date "2018.05.16"]
[Round "1.124"]
[White "Jambrusic, Zvonimir"]
[Black "Havas, Juraj"]
[Result "0-1"]
[WhiteElo "1893"]
[BlackElo "2028"]
[PlyCount "46"]
[EventDate "2018.05.16"]
[WhiteTeam "ŠK Garešnica-Mount trade, Garešnica"]
[BlackTeam "ŠK Sloboda, Mihovljan-Čakovec"]

1. d4 Nf6 2. Nf3 g6 3. b3 Bg7 4. Bb2 d6 5. e3 O-O 6. Nbd2 Nbd7 7. Be2 e5 8.
dxe5 Ng4 9. O-O Ndxe5 10. Rb1 Qe7 11. h3 Nxf3+ 12. Bxf3 Bxb2 13. Rxb2 Qe5 14.
hxg4 Qxb2 15. g3 Qe5 16. Kg2 d5 17. Rh1 Be6 18. Rh6 Kg7 19. Qh1 Rh8 20. Qh4 f6
21. Be2 Qg5 22. Qxg5 fxg5 23. Rh1 c5 0-1

[Event "27th CRO-Cup"]
[Site "Mali Losinj"]
[Date "2018.05.16"]
[Round "1.131"]
[White "Mrdja, Milan"]
[Black "Saric, Ivan"]
[Result "0-1"]
[WhiteElo "2296"]
[BlackElo "2685"]
[PlyCount "60"]
[EventDate "2018.05.16"]
[WhiteTeam "ŠK Stjepan Bosak-URIHO, Zagreb"]
[BlackTeam "ŠK Liburnija, Rijeka"]

1. e4 c5 2. Nf3 d6 3. c3 Nf6 4. Bd3 Nc6 5. Bc2 Bg4 6. h3 Bh5 7. d3 e6 8. Nbd2
Be7 9. Qe2 Nd7 10. Nf1 Nde5 11. g4 Nxf3+ 12. Qxf3 Bg6 13. Ng3 d5 14. O-O O-O
15. Qe3 d4 16. Qe1 Bh4 17. Kg2 Qd7 18. f4 f5 19. Qe2 Bxg3 20. Kxg3 c4 21. gxf5
exf5 22. e5 Rad8 23. Rd1 Qe8 24. Re1 Bh5 25. Qf1 b5 26. dxc4 dxc3 27. bxc3 b4
28. Re3 bxc3 29. Rxc3 Nd4 30. Be3 Ne2+ 0-1

[Event "27th CRO-Cup"]
[Site "Mali Losinj"]
[Date "2018.05.16"]
[Round "1.132"]
[White "Markus, Robert"]
[Black "Cupic, Lovro"]
[Result "1-0"]
[WhiteElo "2603"]
[BlackElo "2231"]
[PlyCount "53"]
[EventDate "2018.05.16"]
[WhiteTeam "ŠK Liburnija, Rijeka"]
[BlackTeam "ŠK Stjepan Bosak-URIHO, Zagreb"]

1. d4 Nf6 2. c4 e6 3. Nf3 d5 4. e3 c5 5. cxd5 Nxd5 6. e4 Nf6 7. Nc3 cxd4 8.
Nxd4 Bc5 9. Be3 O-O 10. Nxe6 Qxd1+ 11. Rxd1 Bxe3 12. Nc7 Bb6 13. Nxa8 Ba5 14.
e5 Ne4 15. Rd5 Nxc3 16. Rxa5 Nc6 17. Ra3 Nd5 18. Bc4 Be6 19. Bxd5 Bxd5 20. Nc7
Bxg2 21. Rg1 Be4 22. f4 a6 23. Re3 Bb1 24. a3 Nd4 25. Kf2 Ba2 26. Rd1 Ne6 27.
Nxe6 1-0